000 00471nam a2200181Ia 4500
005 20230821104801.0
008 131103s9999 xx 000 0 und d
040 _aLoreto College
041 _aEnglish
082 _aF
_bHIG
100 _aHiggins,Jack
245 _aTouch the devil
_cJack Higgins
260 _aCalcutta/London
_bRupa with arrangement with Pan Books Ltd.
_c1982
300 _a239 p.
650 _aFiction in English
850 _aLCLIB
942 _cBK
999 _c14921
_d65400